Panduan menanam pokok bakau dan spesies-spesies yang sesuai di pesisiran pantai negara

Bibliographic Details
Corporate Author: MALAYSIA
Format: Book
Published: Kuala Lumpur : Jabatan Perhutanan Semenanjung Malaysia , 2008
Subjects:

MARC

LEADER 00000cam a2200000 7i4500
001 0000003732
005 20110503.0
090 0 0 |a JPSM577.698   |b BAKAU 2008 
110 1 0 |a MALAYSIA 
245 1 0 |a Panduan menanam pokok bakau dan spesies-spesies yang sesuai di pesisiran pantai negara 
260 0 0 |a Kuala Lumpur :   |b Jabatan Perhutanan Semenanjung Malaysia ,   |c 2008 
300 |a v, 45 p. :   |b col. ill. ;   |c 21 cm. 
650 0 0 |a mangroves 
710 1 1 |a MALAYSIA ,   |c Jabatan Perhutanan Semenanjung Malaysia 
998 |a JPSM 
999 |a 007601   |b Monograph   |c Open Shelf   |e Default branch